Bumblebee at Apple Tree Lane / (Record no. 4117)

MARC details
000 -LEADER
fixed length control field 01023cam a2200301 a 4500
005 - DATE AND TIME OF LATEST TRANSACTION
control field 20240607113520.0
020 ## - INTERNATIONAL STANDARD BOOK NUMBER
International Standard Book Number 9781568998213
040 ## - CATALOGING SOURCE
Original cataloging agency DLC
Transcribing agency DLC
Modifying agency DLC
Language of cataloging eng
050 00 - LIBRARY OF CONGRESS CALL NUMBER
Classification number PZ10.3.G153
082 00 - DEWEY DECIMAL CLASSIFICATION NUMBER
Classification number 595.799
100 1# - MAIN ENTRY--PERSONAL NAME
Personal name Galvin, Laura Gates
Dates associated with a name 1963-
245 10 - TITLE STATEMENT
Title Bumblebee at Apple Tree Lane /
Statement of responsibility, etc. by Laura Gates Galvin ; illustrated by Kristin Kest
250 ## - EDITION STATEMENT
Edition statement First Edition 2000
260 ## - PUBLICATION, DISTRIBUTION, ETC.
Place of publication, distribution, etc. Norwalk, CT :
Name of publisher, distributor, etc. Soundprints,
Date of publication, distribution, etc. 2000
300 ## - PHYSICAL DESCRIPTION
Extent 31 pages :
Other physical details color illustrations ;
Dimensions 12 cm .
490 ## - SERIES STATEMENT
Series statement Smithsonian's Backyard
505 ## - FORMATTED CONTENTS NOTE
Formatted contents note G <br/>
520 ## - SUMMARY, ETC.
Summary, etc. Bumblebee emerges from hibernation, builds a nest, lays eggs, and begins the process of creating a busy bumblebee colony.
521 ## - TARGET AUDIENCE NOTE
Target audience note 400 <br/>
Source Lexile estimate <br/>
521 ## - TARGET AUDIENCE NOTE
Target audience note G <br/>
Source Raz-Plus <br/>
650 #0 - SUBJECT ADDED ENTRY--TOPICAL TERM
Topical term or geographic name entry element Bumblebees
Form subdivision Juvenile fiction.
650 #1 - SUBJECT ADDED ENTRY--TOPICAL TERM
Topical term or geographic name entry element Bumblebees
Form subdivision Fiction.
650 #1 - SUBJECT ADDED ENTRY--TOPICAL TERM
Topical term or geographic name entry element Bees
Form subdivision Fiction.
700 1# - ADDED ENTRY--PERSONAL NAME
Personal name Kest, Kristin
Relator term illustrator
906 ## - LOCAL DATA ELEMENT F, LDF (RLIN)
a 7
b cbc
c orignew
d 1
e ocip
f 19
g y-gencatlg
942 ## - ADDED ENTRY ELEMENTS (KOHA)
Source of classification or shelving scheme Dewey Decimal Classification
Koha item type Books
Suppress in OPAC No
999 ## -
-- 4117
-- 4117
Holdings
Withdrawn status Lost status Source of classification or shelving scheme Damaged status Not for loan Collection Home library Current library Shelving location Date acquired Total Checkouts Full call number Barcode Date last seen Copy number Price effective from Koha item type
    Dewey Decimal Classification     Juvenile Fiction Footprints International School Library Network Toul Tom Poung Campus Footprints International School Library Network Toul Tom Poung Campus TTP Primary Dark Blue Bookshelves 06/07/2024   GAL 595.799 PZ10.G153 FISTK00989 06/07/2024 1 06/07/2024 Books
    Dewey Decimal Classification     Juvenile Fiction Footprints International School Library Network Toul Tom Poung Campus Footprints International School Library Network Toul Tom Poung Campus TTP Primary Dark Blue Bookshelves 09/11/2025   GAL 595.799 PZ10.G153 FIS03260 09/11/2025 2 09/11/2025 Books